000 00578cam a2200217 a 4500
001 207197
005 20171218081033.0
008 990401s2001 mau 001 0 eng
010 _a 99071992
020 _a0395929202
040 _aDLC
_cDLC
_dDLC
041 _aeng
080 _a808.0247
082 0 0 _a808.0247 CON
_221
100 _a46
101 _aEDU
245 0 4 _aThe working reader /
_c[compiled by] Mary Lou Conlin.
906 _a7
_bcbc
_corignew
_d2
_eopcn
_f19
_gy-gencatlg
942 _2ddc
_cBK
999 _c39093
_d39093